| 000 | 01054cam a2200205 4500 | ||
|---|---|---|---|
| 001 | ABS66405 | ||
| 008 | 030303n2003 000 0 eng u | ||
| 035 | _a(Sirsi) u121475 | ||
| 110 |
_aDavis Langdon and Everest _91155 |
||
| 245 | _aCost Model | ||
| 260 | _c2003 | ||
| 490 |
_aBuilding _v258(8269) 7 February 2003, 68-75(8) |
||
| 520 | _aThe "Building" cost models have now been published for ten years. Outlines the factors that will be affecting costs for 17 of the most common building types in 2003. The changes in market conditions over the last decade are analysed with a mention of the unavoidable cost trends such as legislative and regulatory change. Included in the examination of various components are features about car parks, industrial buildings, warehouses, schools and further education colleges. | ||
| 590 | _aABS | ||
| 650 | _aBUILT ENVIRONMENT-BUILDING COSTS | ||
| 650 | _aLANDFILL TAX | ||
| 650 | _aBUILDING REGULATIONS 2000 APPROVED DOCUMENT L1 (2002 EDITION) | ||
| 690 | _aBUILT ENVIRONMENT-BUILDING COSTS | ||
| 942 | _n0 | ||
| 999 |
_c72189 _d72189 |
||